Statistics for Regions of France

Click here to take the quiz!

General Stats

  • This quiz has been taken 738 times
  • The average score is 17 of 33

Answer Stats

CapitalRégion% Correct
RennesBrittany
85%
StrasbourgAlsace
84%
ParisÎle-de-France
78%
AjaccioCorsicaTerritorial collectivity
74%
MetzLorraine
66%
DijonBurgundy
62%
OrléansCentre
62%
BordeauxAquitaine
60%
MarigotSaint MartinOverseas collectivity
59%
CaenLower Normandy
56%
RouenUpper Normandy
56%
Fort-de-FranceMartiniqueOverseas region
55%
LilleNord-Pas-de-Calais
55%
Saint-DenisRéunionOverseas region
55%
Basse-TerreGuadeloupeOverseas region
53%
LyonsRhône-Alpes
51%
AmiensPicardy
49%
Clermont-FerrandAuvergne
47%
LimogesLimousin
47%
CayenneFrench GuianaOverseas region
46%
PapeeteFrench PolynesiaOverseas country
45%
NantesPays de la Loire
44%
NouméaNew CaledoniaSui generis collectivity
43%
MarseillesProvence-Alpes-Côte d'Azur
42%
ToulouseMidi-Pyrénées
41%
Châlons-en-ChampagneChampagne-Ardenne
38%
BesançonFranche-Comté
38%
Saint-PierreSaint-Pierre and MiquelonOverseas collectivity
38%
MamoudzouMayotteOverseas region
34%
MontpellierLanguedoc-Roussillon
33%
PoitiersPoitou-Charentes
32%
Mata-UtuWallis and FutunaOverseas collectivity
21%
GustaviaSaint BarthélemyOverseas collectivity
15%

Score Distribution

Percentile by Number Answered

Percent of People with Each Score

Your Score History

You have not taken this quiz